Formal request for casino bids (Record no. 76547)

MARC details
000 -LEADER
fixed length control field 01302cab a2200193 4500
001 - CONTROL NUMBER
control field ##L132667
008 - FIXED-LENGTH DATA ELEMENTS--GENERAL INFORMATION
fixed length control field 060227n 000 0 eng u
035 ## - SYSTEM CONTROL NUMBER
System control number (Sirsi) u132667
041 0# - LANGUAGE CODE
Language code of text/sound track or separate title eng
110 2# - MAIN ENTRY--CORPORATE NAME
Corporate name or jurisdiction name as entry element Planning Portal
245 00 - TITLE STATEMENT
Title Formal request for casino bids
490 #0 - SERIES STATEMENT
Series statement Planning Portal News
Volume/sequential designation 9 February 2006
520 ## - SUMMARY, ETC.
Summary, etc. Local authorities in England, Scotland and Wales have been formally invited by the Casino Advisory Panel to let it know if they want a new casino in their area. The Panel has published detailed guidance on the background to this call for proposals, its evaluation procedures and specific information that it wishes to know. Under the Gambling Act 2005 one regional or Las Vegas-style casino along with eight large and eight small casinos will be permitted. The options for the regional casino will be subject to an examination in public. A number of proposals for city centre locations based around new and upgraded football stadia are expected. Proposals are required by 31 March 2006.
590 ## - LOCAL NOTE (RLIN)
Local note IKA280206
650 24 - SUBJECT ADDED ENTRY--TOPICAL TERM
Topical term or geographic name entry element GAMBLING ACT 2005
690 ## - LOCAL SUBJECT ADDED ENTRY--TOPICAL TERM (OCLC, RLIN)
Topical term or geographic name as entry element PROPERTY-COMMERCIAL PROPERTY-LEISURE PROPERTY
856 40 - ELECTRONIC LOCATION AND ACCESS
Uniform Resource Identifier <a href="https://www.planningportal.gov.uk/england/professionals/en/1115313884617.html">https://www.planningportal.gov.uk/england/professionals/en/1115313884617.html</a>
Public note View the news release atwww.planningportal.gov.uk...
942 ## - ADDED ENTRY ELEMENTS (KOHA)
Suppress in OPAC 0
Holdings
Withdrawn status Lost status Source of classification or shelving scheme Damaged status Not for loan Home library Current library Shelving location Date acquired Total Checkouts Full call number Barcode Date last seen Copy number Price effective from Koha item type
    Dewey Decimal Classification     Virtual Virtual Online 27/02/2006   ONLINE PUBLICATION 132667-2001 06/08/2019 1 06/08/2019 Journal article